000 00204nam a22000977a 4500
999 _c16025
_d16025
003 OSt
008 191028b ||||| |||| 00| 0 eng d
100 _aJarasandhan.
_94485
245 _aThammasi
942 _cBK